000 02232nam a22003617a 4500
001 42835
003 gtgccic
005 20251113111300.0
007 ta
008 251112b gt ||||| |||| 00| 0 spa d
040 _agtgcic
_bspa
_cgtgccic
_erda
084 _0TPI-16-0114
100 1 0 _aRonald Enrique Urizar Monzón
_dIngeniero Civil
_eautor
245 1 0 _aComparación del comportamiento estructural de edificación de concreto,
_butilizando aisladores elastoméricos en la base /
_cUrizar Monzón, Ronald Enrique
264 1 _aGuatemala, Guatemala :
_bUSAC, Facultad de Ingeniería ;
_c2016.-
300 _axxviii, 143 p. :
_bil. ;
_c27cm
336 _2rdacontenido
_aTexto
_btxt
337 _2rdamedio
_asin mediación
_bn
338 _2rdasoporte
_avolumen
_bnc
502 _aTesis Postgrado
_bMAESTRO EN ESTRUCTURAS
_cUSAC, Facultad de Ingeniería, Escuela de Postgrado
_d2016
_oTPI-16-0113
504 _aBibliografía pag. 111
505 _t1. MARCO TEÓRICO (filosofía de diseño sismo resistente)
505 _t2. DESCRIPCIÓN DEL CASO DE ESTUDIO (localización del terreno)
505 _t3. ANÁLISIS DE ESTRUCTURA SIN AISLADORES SÍSMICOS
505 _t4. ANÁLISIS DE ESTRUCTURA CON AISLADORES SÍSMICOS
505 _t5. PRESENTACIÓN DE RESULTADOS
505 _t6. DISCUSIÓN DE RESULTADOS
520 3 _aDe todas las clases de estructuras, según su uso, las esenciales son aquellas donde funcionan instalaciones necesarias en la recuperación posterior al sismo, que deben permanecer en condiciones de funcionamiento durante y después del mismo. Para asegurar el funcionamiento de una estructura esencial, después de un sismo puede hacerse principalmente de dos formas. La primera, diseñando la estructura lo suficientemente fuerte para no sufrir daño y permanecer íntegra. La segunda es utilizando dispositivos de disipación de energía. Los dispositivos de aislamiento sísmico son apropiados para este tipo de edificaciones, porque desconectan la estructura del suelo y reducen la energía que induce el movimiento del suelo minimizando de esta forma el daño a la estructura.
650 3 _aSISMOLOGÍA
700 _aMsc. Francisco Arrecis
_easesor
942 _2ddc
_cTPS
945 _aamlo
999 _c2526
_d2526